[Event "ISR-chT 2018"]
[Site "Israel"]
[Date "2018.02.16"]
[Round "7"]
[White "Oratovsky, Michael"]
[Black "Kobo, Ori"]
[Result "1/2-1/2"]
[WhiteElo "2438"]
[BlackElo "2482"]
[Annotator "TA"]
[PlyCount "62"]
[EventDate "2018.??.??"]
[EventType "team-tourn"]
[EventCountry "ISR"]
[SourceTitle "playchess.com"]
[Source "ChessBase"]
[SourceQuality "1"]

{[%evp 14,62,41,34,43,8,7,0,13,0,10,0,0,0,0,0,15,16,17,18,32,25,33,20,23,17,83,73,138,130,137,131,133,135,140,131,132,137,127,76,168,68,69,64,65,68,66,73,78,78,85]} 1. e4 g6 2. d4 Bg7 3. Nf3 d6 4. h3 Nf6 5. Bd3 O-O 6. O-O Nc6 7. c3 e5 8. Re1 {LiveBook: 415 Games} a5 {B07: Pirc Defence: Miscellaneous Systems} 9. dxe5 $146 ({Predecessor:} 9. a3 a4 10. Bc2 b5 11. Be3 Nd7 12. Nbd2 Na5 13. dxe5 dxe5 14. c4 bxc4 15. Bxa4 Ba6 16. b4 {1-0 (63) Roiz,M (2579)-Naiditsch,A (2715) Bilbao 2014}) 9... Nxe5 10. Nxe5 dxe5 {The position is equal.} 11. a4 Nh5 12. Be2 Nf4 13. Bxf4 exf4 14. Nd2 {[%cal Bb1d2,Bd2f3,Bf3d4][%mdl 32]} b6 15. Bc4 Bb7 16. Qb3 Qd6 ({Don't go for} 16... Qxd2 $2 17. Red1 $18) 17. Nf3 Rad8 18. Rad1 Qe7 19. Bd5 Bc8 (19... Bxd5 $1 $11 {keeps the balance.} 20. exd5 (20. Rxd5 Rxd5 21. Qxd5 Rd8 $11) 20... Qd6) 20. e5 Rde8 (20... Be6 $142) 21. Qc4 $16 g5 22. Nd4 Qc5 23. e6 fxe6 24. Qxc5 ({Much less strong is} 24. Nxe6 $6 Qxc4 25. Bxc4 Bxe6 $16) 24... bxc5 25. Nxe6 Bxe6 26. Rxe6 (26. Bxe6+ $142 Kh8 27. Rd7) 26... Kh8 (26... Rxe6 $16 27. Bxe6+ Kh8) 27. Rxe8 ({White should play} 27. Rc6 $18) 27... Rxe8 $14 28. Bf3 Bf8 29. Kf1 Bd6 30. Re1 Rb8 31. Re2 Kg7 {Precision: White = 64%, Black = 44%.} 1/2-1/2

[Event "ISR-chT 2018"]
[Site "Israel"]
[Date "2018.02.16"]
[Round "7"]
[White "Mesropov, Konstantin"]
[Black "Liss, Eran"]
[Result "1/2-1/2"]
[WhiteElo "2425"]
[BlackElo "2437"]
[Annotator "TA"]
[PlyCount "104"]
[EventDate "2018.??.??"]
[EventType "team-tourn"]
[EventCountry "ISR"]
[SourceTitle "playchess.com"]
[Source "ChessBase"]
[SourceQuality "1"]

{[%evp 17,104,12,5,12,12,0,2,0,10,3,36,50,32,0,21,27,52,34,79,65,69,64,85,93,94,79,63,0,0,0,0,-8,-12,0,121,113,125,126,231,0,9,18,8,-10,0,5,147,149,272,263,313,171,164,162,158,172,163,156,166,64,77,64,64,70,58,38,20,8,8,8,8,8,8,0,6,0,0,0,0,0,0,-14,-13,-13,0,0,0,-20,0]} 1. e4 e5 2. Nf3 Nc6 3. Bc4 Bc5 4. c3 Nf6 5. d4 exd4 6. e5 d5 7. Bb5 Ne4 8. cxd4 Bb6 9. Nc3 O-O 10. Be3 {C54: Giuoco Piano: 4 c3 Nf6, main lines with 5 d4 and 5 d3} f5 (10... Ne7 11. O-O c6 12. Bd3 f5 13. exf6 Nxf6 14. Qc2 Bc7 15. Ne5 Ng4 16. Bxh7+ Kh8 17. Bg5 Nxe5 18. dxe5 Bxe5 {0-1 (25) Amonatov,F (2636)-Svidler,P (2765) Riadh 2017}) 11. g3 Ne7 12. Qb3 $146 ({Predecessor:} 12. h4 Bd7 13. Bd3 Be8 14. Ng5 Qd7 15. Ngxe4 fxe4 16. Be2 Nf5 17. Bg4 Bf7 {1-0 (63) Karpatchev,A (2469)-Loetscher,R (2420) Germany 2015}) 12... Kh8 13. O-O-O Be6 14. Ng5 Bg8 15. Na4 Rc8 16. Kb1 c5 17. dxc5 Nxc5 18. Nxc5 Bxc5 19. f4 h6 20. Nf3 a6 21. Bxc5 Rxc5 22. Be2 (22. Ba4 $14) 22... d4 $1 $11 23. e6 ({Much weaker is} 23. Qxb7 Qa5 $17) 23... Nc6 {[#] Threatens to win with ...Re8.} 24. Rhe1 Re8 25. Bd3 Qf6 (25... Qd6 $11 {remains equal.}) 26. Qb6 $36 {[%mdl 2048] White is in control.} Rd5 27. Qxb7 Rxe6 (27... Rd6 $16 {might work better.}) 28. Ne5 $2 ({And not} 28. Bxa6 Ra5 $17) ({Weaker is} 28. Qxa6 Re3 $14) (28. Rxe6 $18 Qxe6 29. Re1) 28... Rdxe5 29. fxe5 Nxe5 30. Qd5 f4 31. Bc2 {[#] And now gxf4 would win.} f3 (31... d3 $1 $11 32. Bb3 Re8) 32. Qxd4 Re7 (32... Nc4 $16 {keeps fighting.} 33. Qxf6 Rxf6) 33. Qf4 $18 f2 34. Qxf6 (34. Re2 $142) 34... gxf6 35. Re2 f1=Q 36. Rxf1 Bc4 37. Bd1 Rd7 38. Ree1 (38. Kc2 $18) 38... Bxf1 $14 39. Rxf1 {[%mdl 4096] Endgame KRB-KRN} Rd2 $1 40. h4 Kg7 41. Bc2 Rg2 42. Rc1 {The position is equal.} Rxg3 43. Bf5 Rf3 44. Rc7+ Kf8 45. Bc8 a5 46. Ra7 Rf1+ 47. Kc2 Rf2+ 48. Kb3 Rf3+ 49. Ka4 Rf4+ 50. Ka3 Rf3+ 51. Ka4 Rf4+ 52. Ka3 Rf3+ {Precision: White = 46%, Black = 44%.} 1/2-1/2

[Event "ISR-chT 2018"]
[Site "Israel"]
[Date "2018.02.16"]
[Round "7"]
[White "Shachar, Ehud"]
[Black "Bakalchuk, Johnatan"]
[Result "1-0"]
[WhiteElo "2395"]
[BlackElo "2406"]
[Annotator "TA"]
[PlyCount "139"]
[EventDate "2018.??.??"]
[EventType "team-tourn"]
[EventCountry "ISR"]
[SourceTitle "playchess.com"]
[Source "ChessBase"]
[SourceQuality "1"]

{[%evp 15,139,18,18,18,26,8,23,11,18,8,5,18,84,14,24,13,53,55,43,45,72,59,69,25,13,-66,-64,-65,-65,-64,-67,-69,-70,-64,-68,-65,-63,-62,-67,-59,-24,-68,-62,-68,0,0,0,0,0,0,0,0,0,0,0,0,0,0,0,0,0,0,121,108,127,126,121,111,112,98,114,95,186,186,172,198,191,186,344,-16,16,0,0,0,0,0,78,27,242,236,168,23,25,22,70,71,82,70,70,64,414,410,445,444,441,434,425,405,371,372,1176,1176,1117,1073,1167,820,29966,10964,29981,29982,29975,29976,29984,29985,29986,29987]} 1. Nf3 g6 2. d4 Nf6 3. e3 Bg7 4. b3 O-O 5. Bb2 d6 6. Be2 Nbd7 7. O-O Re8 8. c4 e5 9. dxe5 {E60: King's Indian: Unusual lines and Fianchetto Variation without Nc3} Ng4 10. h3 Ngxe5 11. Nc3 {White has an edge.} Nc5 12. Qd2 Bf5 $146 ({Predecessor:} 12... a5) 13. Rad1 Qd7 (13... a6 $11 {remains equal.}) 14. Nd5 (14. Nxe5 $16 Bxe5 15. Nd5) 14... c6 $11 15. Nf4 Nxf3+ 16. Bxf3 Bxb2 17. Qxb2 Be4 18. Be2 Qe7 19. Qd4 Rad8 20. f3 (20. b4 $11 Na4 21. f3) 20... Bc2 $15 21. Rc1 Bxb3 $1 22. axb3 Nxb3 23. Qxa7 Ra8 24. Qb6 Nxc1 25. Rxc1 Qxe3+ 26. Qxe3 Rxe3 27. Kf2 Rb3 28. Rc2 Kf8 29. h4 h6 (29... Rb4 $15) 30. Rd2 $11 Ke7 31. g4 Rba3 32. Rb2 R8a7 33. h5 gxh5 34. Nxh5 Ra2 35. Rb3 R2a3 36. Rb2 Ke6 37. Rd2 Ra2 38. Rd4 d5 (38... R7a5 $11) 39. cxd5+ $16 Ke5 40. Rf4 Kxd5 41. Rxf7 b5 42. Nf4+ Kd4 43. Rf6 $1 {[%csl LRc6,LRh6]} Rc2 (43... Ke5 $16 {is a better defense.} 44. Rf5+ Kd6) 44. Kg3 $18 b4 45. Bd3 Rc3 46. Be4 {[#] And now Ne2+ would win.} Ra2 $2 (46... Rc4) 47. Bxc6 $2 ({Not} 47. Rxh6 b3 $18) (47. Rd6+ $18 Ke5 48. Rxh6) 47... Rc1 48. Rxh6 Rg1+ 49. Kh4 {Hoping for Re6.} b3 50. Be4 {Threatens to win with Rb6.} Rh1+ {[#]} (50... Rh2+ $11 51. Kg5 Rxh6 52. Kxh6 Re1 53. Ne6+ Kc4) 51. Nh3 $1 $16 Rah2 $2 (51... Re2 $1 $11 {and Black is okay.}) 52. Kg3 $18 b2 53. g5 (53. Rd6+ $18 Kc5 54. Rd5+ Kc4 55. Nf4) 53... Re2 $1 $11 {[%cal Re2e4]} 54. Rb6 {aiming for g6.} Rxe4 55. Rxb2 {[%mdl 4096] Endgame KRR-KRN} Re8 56. Rb6 Rg8 57. f4 Ra1 $2 {[%mdl 8192]} (57... Ra8 $14) 58. Kg4 $18 Ra4 59. g6 {[%cal Bg5g6,Bg6g7][%mdl 32]} Kc5 60. Rf6 Kd5 61. Ng5 Ra1 62. Kf5 Kd4 $2 (62... Rf1 63. Ne4 Ra1 64. Rd6+ Kc4) 63. g7 Ke3 64. Re6+ Kf2 65. Kg6 Ra7 66. Nf7 Kf3 67. f5 {[%cal Bf4f5,Bf5f6,Bf6f7][%mdl 32] White mates.} Rb8 68. f6 Kf4 69. Nh6 Rb1 70. f7 {Precision: White = 68%, Black = 39%.} 1-0

[Event "ISR-chT 2018"]
[Site "Israel"]
[Date "2018.02.16"]
[Round "7"]
[White "Veinberg, Nimrod"]
[Black "Aharonovich, Itamar"]
[Result "1-0"]
[WhiteElo "2364"]
[BlackElo "2279"]
[Annotator "TA"]
[PlyCount "113"]
[EventDate "2018.??.??"]
[EventType "team-tourn"]
[EventCountry "ISR"]
[SourceTitle "playchess.com"]
[Source "ChessBase"]
[SourceQuality "1"]

{[%evp 18,113,22,3,50,8,96,-70,-61,-48,-59,-89,-85,-81,-85,-83,-76,-92,-91,-120,-127,-123,-37,-53,-12,-70,-79,-168,-36,-57,0,-166,-148,-184,-35,-60,-19,-19,-21,-25,-16,-18,0,0,0,0,300,164,133,135,146,131,94,44,51,0,97,0,0,0,0,0,0,0,0,0,0,0,0,0,0,0,0,0,0,0,0,0,0,0,0,0,0,0,0,0,0,0,291,163,584,580,762,762,29980,29976,29981,29982]} 1. d4 Nf6 {[%cal Bg8f6,Bf6e4,Be4d6,Bd6f5][%mdl 32]} 2. c4 e6 3. g3 c5 4. d5 exd5 5. cxd5 b5 6. e4 {A60: Modern Benoni: Early Divergences} (6. Bg2 d6 7. Nf3 g6 8. O-O Bg7 9. e4 O-O 10. Re1 Re8 11. e5 dxe5 12. Nxe5 Bb7 13. Nc6 Rxe1+ 14. Qxe1 Qd7 15. Ne5 {0-1 (32) Li,C (2751)-Ivanchuk,V (2710) Huaian 2016}) 6... Nxe4 7. Qe2 Qe7 8. Bg2 Nd6 9. Be3 Na6 10. Nc3 {LiveBook: 21 Games} Rb8 11. a4 {[%cal Ra4b5]} bxa4 (11... Nf5 $1 $11) 12. Nxa4 $146 (12. Nf3 $16) ({Find the theoretical novelty and annotate with similar games:} 12. Rxa4 c4 13. Nh3 Rb4 {1-0 (29) Praveen Kumar,C (2338)-Kamble,V (2458) Panaji 2012}) 12... Nf5 $15 13. d6 $1 {[%cal Rd6e7]} Nxd6 14. Nh3 Nf5 $1 15. O-O Nxe3 16. fxe3 Nb4 17. Nc3 g6 18. Nd5 Nxd5 19. Bxd5 f5 (19... Bh6 $1 $17 20. e4 Qe5 21. Bxf7+ Ke7) 20. Rxa7 Bh6 21. e4 (21. Nf4 $11) 21... Qe5 22. b3 {[#]} (22. Qf2 $17) 22... Rf8 (22... c4 $1 $19 {[%mdl 512]} 23. Ra5 (23. bxc4 Qd4+) 23... Qc3) 23. Nf2 {[%cal Bh3f2,Bf2g4,Bg4f6][%mdl 32]} Kd8 ({Black should try} 23... Bg7 $15) 24. Qe1 $2 {[#]} (24. Rd1 $11) 24... Rb4 $1 $19 25. Bc4 fxe4 (25... Bb7 $19 {[%cal Rf5e4]} 26. Bd5 Bxd5 27. exd5 Be3) 26. Ng4 $1 $15 {[%cal Rg4e5]} Qd4+ 27. Kg2 $1 Bg7 28. Rxf8+ Bxf8 29. Qf1 $1 {[%cal Rf1f8]} Bd6 {aiming for ...Bb7.} (29... Bg7 $5 30. Qf4 $8 e3 31. Qc7+ Ke7 32. Qxc8 Rxc4 33. bxc4 Qe4+ 34. Kh3 Qf5 $11) 30. Qf7 $36 {[%mdl 2048] White wants to mate with Be6! White is pushing.} Bb7 {Strongly threatening ...e3+.} ({Don't blunder} 30... Rb7 $2 31. Qg8+ Kc7 32. Ra8 $18) 31. Nf6 {[%csl Gf6][%cal Rf7d7]} Bb8 $2 {[%mdl 8192] [#]} (31... Kc7 $1 $11 {and Black stays safe.}) 32. Qg8+ (32. Bd5 $142 $1 {[%csl Gf6][%cal Rf7d7][%mdl 512]} Qd2+ 33. Kh3 Qh6+ 34. Kg4 Qh5+ 35. Nxh5 gxh5+ 36. Qxh5 Bxa7 37. Bxb7 Rxb7 38. Qxh7) 32... Kc7 $18 33. Nd5+ Qxd5 34. Bxd5 Bxa7 35. Bxb7 Rxb7 36. Qxh7 $16 {[%mdl 4096] Endgame KQ-KRB} (36. Qd5 $14) 36... Rb6 (36... c4 $1 $11) 37. Qe7 ({Better is} 37. Qg7 $16) 37... Re6 $11 38. Qf7 e3 {[%cal Be4e3,Be3e2][%mdl 32]} 39. Qf4+ $1 Kb6 40. Kf1 e2+ 41. Ke1 {And now Qa4 would win.} Kb7 42. Qa4 Re7 43. Qh4 $1 {[%cal Rh4e7]} Re5 44. Qd8 Bb6 45. Qxd7+ Kb8 46. Qb5 Re6 $1 47. h4 {Threatens to win with g4.} Kc7 48. g4 {h5 is the strong threat.} Kd8 $1 49. h5 {Black must now prevent hxg6.} Bc7 50. Qd3+ Ke7 {( -> ...Ba5+)} 51. Qc3 gxh5 52. gxh5 Kf7 $2 {[%mdl 8192]} (52... Kd7 $11) 53. h6 (53. b4 $142) 53... Be5 $2 (53... Rxh6 54. Qxc5 Bd6 55. Qf5+ Ke8 56. Kxe2 Rh4 57. Qe6+ Be7 58. Qc8+ Kf7 59. Qf5+ Ke8) 54. Qf3+ $18 Kg6 55. h7 Re7 56. Qg4+ Kh6 57. Qh4+ {Precision: White = 47%, Black = 43%.} 1-0

[Event "ISR-chT 2018"]
[Site "Israel"]
[Date "2018.02.16"]
[Round "7"]
[White "Bronstein, Or"]
[Black "Grinshpun, Eduard"]
[Result "1-0"]
[WhiteElo "2346"]
[BlackElo "2350"]
[Annotator "TA"]
[PlyCount "167"]
[EventDate "2018.??.??"]
[EventType "team-tourn"]
[EventCountry "ISR"]
[SourceTitle "playchess.com"]
[Source "ChessBase"]
[SourceQuality "1"]

{[%evp 20,167,19,8,13,0,0,0,8,0,0,0,8,0,0,0,12,0,0,-22,-36,-21,0,-36,-30,-23,-22,-29,0,0,0,0,0,0,0,0,0,-18,-16,-16,-17,-21,0,-12,5,1,11,16,25,5,17,0,0,2,39,0,55,55,55,55,58,52,54,54,50,50,58,25,46,59,70,55,55,55,70,70,70,65,65,65,72,70,58,44,143,72,87,17,17,17,50,47,43,27,38,33,25,31,35,37,41,0,0,0,0,0,0,0,0,0,0,0,0,0,0,0,0,0,0,0,1,8,333,375,12833,12834,12833,12835,12837,12838,12838,12839,12839,12839,12837,12183,12840,12834,12841,12841,12847,12848,12851,29984,12851,29985,12851,29988,12851,29991]} 1. d4 Nf6 2. c4 e6 3. g3 d5 4. Bg2 Be7 5. Nf3 O-O 6. O-O b6 7. cxd5 exd5 8. Nc3 Bb7 9. b3 Re8 10. Bb2 Nbd7 11. Rc1 {LiveBook: 58 Games} Ne4 {E17: Queen's Indian: 4 g3 Bb7 5 Bg2 Be7} (11... Bf8 12. Qc2 a6 13. Rfd1 Rc8 14. e3 Qe7 15. Ne5 Qe6 16. Ne2 c6 17. Nf4 Qd6 18. Bh3 Rc7 19. b4 {½-½ (39) Leko,P (2691)-Bacrot,E (2725) Riadh 2017}) 12. e3 Nxc3 13. Bxc3 a5 $146 {The position is equal.} ({Predecessor:} 13... Bd6 14. Rc2 Nf6 15. Qa1 Ba6 16. Rd1 Qc8 17. Ne5 Qf5 18. Qb2 Bb7 {0-1 (59) Schilling,C (1562)-Zayadeh,R (1755) Mainz 2002}) 14. Qc2 Nf6 15. Bb2 Bd6 16. Rfd1 Ne4 17. Ne5 Qc8 18. Qe2 a4 19. Rc2 axb3 20. axb3 Qe6 21. Qh5 (21. b4 $5) 21... Nf6 22. Qf3 Ra2 23. Nd3 {[%cal Be5d3,Bd3c1,Bc1e2,Be2c3][%mdl 32]} Qg4 (23... Qd7 {seems wilder.} 24. Rb1 Rea8 25. Qd1 Qb5 26. Bf1 Qe8) 24. Qxg4 Nxg4 25. Nc1 Ra7 26. Ne2 Nf6 27. Nc3 Ra5 28. Bc1 Ne4 29. Na4 Rea8 30. f3 Nf6 (30... Ng5 {is more complex.} 31. Nc3 Ne6 32. Bb2 g6 33. Bf1 Bb4) 31. Bd2 R5a7 32. Re1 Re8 33. Nc3 c6 34. Na4 Bc7 35. e4 b5 36. Nc5 {[#] And now e5 would win.} Bb6 37. Bb4 Bxc5 (37... Bc8 $11) 38. Bxc5 $14 Ra6 39. e5 Nd7 40. Bb4 Nf8 41. Kf2 Bc8 42. Rec1 Bd7 43. f4 Ne6 44. Ke3 f5 45. Bf1 g6 46. Be2 Kf7 47. Bf3 h5 48. Bd6 Rea8 49. h3 Rh8 50. Bb4 Ke8 51. Rg2 Nd8 ({Better is} 51... Kf7 $14) 52. Rcg1 (52. Rcc2 $142) 52... Be6 53. g4 ({White should try} 53. Rc2 $16) 53... hxg4 $11 54. hxg4 fxg4 55. Bxg4 Bxg4 56. Rxg4 Rh3+ 57. R4g3 Rxg3+ 58. Rxg3 $14 {[%mdl 4096] Endgame KRB-KRN} Kf7 59. Rh3 Ne6 60. Rh8 Ra1 61. Rh7+ Ng7 62. f5 gxf5 {...Kg6 is the strong threat.} 63. Rh6 Rb1 64. Rf6+ Kg8 $1 65. Bc5 Rxb3+ 66. Kd2 Rb2+ 67. Kc3 Re2 68. Rxc6 f4 69. Rf6 {White wants to play Kb4.} Re3+ 70. Kb4 Nh5 $2 {[%mdl 8192] [#]} (70... f3 $1 $11) 71. Rf5 $18 Rh3 $2 (71... Ng3 72. Rxf4 Ne2 73. Rg4+ Kf7 74. Kxb5 Ke6) 72. e6 {[%cal Be5e6,Be6e7][%mdl 32]} Ng7 73. e7 Re3 74. Rxf4 Kh7 75. Kxb5 Re6 76. Rf8 Kg6 77. Rd8 Kf7 78. Rxd5 Ne8 79. Rf5+ Rf6 80. Rxf6+ Nxf6 81. Kc6 Ke8 82. d5 {[%cal Bd4d5,Bd5d6][%mdl 32]} Nd7 83. d6 Ne5+ 84. Kc7 {Precision: White = 52%, Black = 58%.} 1-0

[Event "ISR-chT 2018"]
[Site "Israel"]
[Date "2018.02.16"]
[Round "7"]
[White "Aharon, Ofir"]
[Black "Gindi, Shachar"]
[Result "1-0"]
[WhiteElo "2300"]
[BlackElo "2381"]
[Annotator "TA"]
[PlyCount "75"]
[EventDate "2018.??.??"]
[EventType "team-tourn"]
[EventCountry "ISR"]
[SourceTitle "playchess.com"]
[Source "ChessBase"]
[SourceQuality "1"]

{[%evp 26,75,25,16,39,22,36,25,84,85,154,155,163,158,153,163,159,156,157,127,175,130,134,130,189,115,108,110,111,107,108,107,170,181,178,175,181,170,217,203,204,208,215,215,299,286,516,508,506,511,536,529]} 1. e4 c5 2. Nf3 Nc6 3. Bb5 g6 4. Bxc6 bxc6 5. O-O Bg7 6. Re1 Nh6 7. c3 O-O 8. d4 cxd4 9. cxd4 d5 10. e5 {B31: Sizilianisch (Rossolimo-Variante)} f6 11. exf6 (11. Nbd2 fxe5 12. Nxe5 Bxe5 13. dxe5 Qb6 14. Nf3 Nf5 15. h3 c5 16. g4 Ng7 17. Bg5 Qe6 {0-1 (35) Van Foreest,J (2609)-Dubov,D (2677) Germany 2018}) 11... exf6 12. Nc3 g5 13. h3 Nf7 14. b3 {LiveBook: 3 Partien} g4 $146 ({Vorgänger:} 14... Qd6 15. a4 Qd8 16. Ba3 Re8 17. Qc2 Bd7 18. Rxe8+ Qxe8 {½-½ (31) Havasi,G (2362)-Seres,L (2420) Budapest 2015}) 15. hxg4 Bxg4 16. Qd3 Qd6 (16... Ng5 $11 {bleibt in der Remisbreite.}) 17. Ne2 $16 Ne5 ({Besser ist} 17... Qd7) 18. dxe5 fxe5 19. Nh2 $1 {[%cal Rh2g4]} e4 20. Qg3 Qxg3 21. Nxg3 Bxa1 22. Ba3 Rf7 23. Rxa1 Bd7 24. Bc5 Kg7 (24... a5 $16 25. Nhf1 Rc8) 25. Nhf1 (25. f3 $18) 25... Kg6 26. Ne2 h5 27. Rc1 h4 28. Be3 Kh7 {[#]} (28... Rg7 $16) 29. Bg5 $1 $18 h3 {[#] ...Tg8 ist eine echte Drohung.} 30. g3 $1 Kg6 31. Be3 h2+ 32. Nxh2 Rh7 33. Bd4 Re8 34. Nf4+ ({Jedoch nicht} 34. Bxa7 Reh8 $16) 34... Kf5 35. Rc5 e3 $2 (35... Kg5 {kämpft weiter.} 36. Nf1 a6) 36. fxe3 {Weiß steht klar auf Gewinn.} Ke4 37. Kg2 Rg8 38. Nf3 {Precision: Weiß = 93%, Schwarz = 37%.} 1-0

[Event "ISR-chT 2018"]
[Site "Israel"]
[Date "2018.02.16"]
[Round "7"]
[White "Poleg, Dan"]
[Black "Parkhov, Yair"]
[Result "0-1"]
[WhiteElo "2278"]
[BlackElo "2380"]
[Annotator "TA"]
[PlyCount "96"]
[EventDate "2018.??.??"]
[EventType "team-tourn"]
[EventCountry "ISR"]
[SourceTitle "playchess.com"]
[Source "ChessBase"]
[SourceQuality "1"]

{[%evp 17,96,2,14,-5,-17,-16,-19,-18,-22,-26,-24,-19,10,-47,-52,-53,-12,-29,-10,-37,0,-60,-76,-85,-91,-109,-121,-179,-78,-72,-60,-77,-63,-244,-8,-119,-125,-358,-352,-353,-346,-312,-282,-341,-141,-140,-139,-159,-154,-209,-209,-209,-201,-337,-329,-334,-322,-272,-214,-210,-202,-363,-363,-623,-579,-650,-625,-833,-597,-830,-634,-2904,-2602,-3078,-2762,-29980,-29981,-29980,-29980,-29979,-29980]} 1. d4 Nf6 2. Nf3 g6 3. Bg5 Bg7 4. Nbd2 d5 5. e3 O-O 6. Bd3 c5 7. c3 Qb6 8. Rb1 Nc6 9. O-O Re8 {LiveBook: 30 Games} 10. Bxf6 $146 {D03: 1 d4 d5 2 Nf3 Nf6 3 Bg5, including Torre Attack with early ...d5} ({Find the theoretical novelty and annotate with similar games:} 10. b4 cxd4 11. exd4 Bf5 12. Bxf5 gxf5 13. Bxf6 Bxf6 14. Nb3 e6 15. Qd2 Qc7 16. Qh6 Bg7 17. Qh5 f6 {½-½ (35) Salgado Lopez,I (2592)-Illescas Cordoba,M (2604) Tossa de Mar 2010}) 10... Bxf6 11. e4 Be6 {[%cal Rc5d4]} 12. e5 {The position is equal.} Bg7 {[%cal Rc5d4]} 13. dxc5 Qxc5 14. Re1 Qa5 15. Ra1 (15. Nb3 $11 Qb6 16. Nbd4) 15... Qb6 $15 16. Rb1 Rad8 17. Qa4 Qc7 {[%cal Rc6e5]} 18. Ng5 {Qh4 is the strong threat.} Nxe5 19. Nxe6 (19. Qh4 $1 $11 h6 20. Nxe6 fxe6 21. Bc2) 19... fxe6 20. Bf1 Rf8 21. Qh4 Rf5 22. f4 (22. Be2 $17 {is a better defense.}) 22... g5 (22... Bf6 $19 {and Black stays clearly on top.} 23. Qg3 Nd7) 23. fxg5 $17 Rdf8 24. Kh1 Rf4 $36 {[%mdl 2048] White is under pressure.} 25. Qg3 $2 {[#]} (25. Qh5 $1 $15) 25... Rg4 $2 (25... Ng4 $1 $19 {Threatens to win with ...Be5.} 26. Nf3 Qb6) 26. Qh3 (26. Qe3 $11 {was the only way to keep the balance.}) 26... Rxg5 {Strongly threatening ...Ng4.} 27. Rxe5 $2 (27. Qxe6+ $17 {keeps fighting.} Kh8 28. g3) 27... Qxe5 $19 ({Less strong is} 27... Bxe5 28. Bd3 $17) 28. Nf3 Qf5 29. Qxf5 Rgxf5 30. Bd3 Rxf3 (30... Rf4 $19 {And now ...e5 would win.} 31. Ng5 Rf2) 31. gxf3 $17 Rxf3 $19 {[%mdl 4096] Endgame KRB-KRB} 32. Bf1 Kf7 33. Re1 (33. Be2 $17 Re3 34. Rf1+ Kg6 35. Bf3) 33... Rf2 34. Be2 e5 {[%cal Be6e5,Be5e4][%mdl 32]} 35. Rf1 (35. Kg1 $142 Rf4 36. Rf1) 35... Rxf1+ 36. Bxf1 {KB-KB} e4 37. Kg2 Ke6 38. Kf2 Ke5 39. Ke2 $2 (39. Ke1) 39... Kf4 40. Bh3 $2 {[#]} (40. Kd2) 40... e5 $1 41. Bc8 b6 42. h3 d4 {[%cal Bd5d4,Bd4d3][%mdl 32]} 43. Bg4 Bh6 44. c4 e3 45. Kd3 Bg7 46. b4 e4+ {Black mates.} 47. Kc2 d3+ 48. Kd1 Kg3 {Precision: White = 22%, Black = 57%.} 0-1

[Event "ISR-chT 2018"]
[Site "Israel"]
[Date "2018.02.16"]
[Round "7"]
[White "Tratatovici, Dan"]
[Black "Gorodetzky, David"]
[Result "0-1"]
[WhiteElo "2199"]
[BlackElo "2418"]
[Annotator "TA"]
[PlyCount "96"]
[EventDate "2018.??.??"]
[EventType "team-tourn"]
[EventCountry "ISR"]
[SourceTitle "playchess.com"]
[Source "ChessBase"]
[SourceQuality "1"]

{[%evp 23,96,21,27,14,20,-29,0,0,0,-15,0,0,0,0,0,-13,17,-46,-43,-47,-39,-39,-41,-35,-42,-116,-34,-113,-41,-112,-27,-225,-226,-270,-270,-425,-420,-360,-375,-714,-687,-743,-733,-1085,-632,-647,-650,-614,-590,-538,-457,-457,-445,-497,-485,-492,-489,-561,-543,-481,-466,-752,-752,-752,-737,-1089,-1047,-782,-773,-5185,-5197,-29980,-742,-29992,-29980]} 1. d4 Nf6 2. c4 e6 3. Nf3 d5 4. g3 Bb4+ 5. Bd2 Be7 6. Bg2 O-O 7. O-O c6 8. Bf4 Nbd7 9. Qc2 Ne4 10. Nc3 g5 {E08: Closed Catalan: Main Line: 7 Qc2} 11. Bc1 f5 12. Rd1 Bf6 {LiveBook: 3 Games. The position is equal.} 13. Ne1 {[%cal Rc3e4]} (13. e3 Rf7 14. b3 b6 15. Bb2 Bb7 16. Rac1 Qe8 17. Ne2 Rc8 {½-½ (53) Caruana,F (2802)-Nakamura,H (2786) chess.com INT 2017}) 13... Qe7 14. f3 $146 ({Predecessor:} 14. cxd5 exd5 15. e3 Rf7 16. Nd3 h5 17. f3 Nd6 {1-0 (49) Ostojic,N (2412)-Nestorovic,N (2509) Paracin 2017}) 14... Nd6 15. c5 Nf7 16. e4 dxe4 17. fxe4 e5 18. exf5 {aiming for d5.} exd4 19. Ne4 Nde5 20. Nxf6+ (20. Qf2 $11) 20... Qxf6 $15 21. Rxd4 {next Be4 is good for White.} Bxf5 22. Qc3 $1 Rae8 $36 {[%mdl 2048] Black is pushing.} 23. b4 Ng4 {Threatens to win with ...Rxe1+!} 24. Bb2 {[#]} (24. Bd2 $15) 24... Ne3 ({Much weaker is} 24... Re2 $6 25. Rd2 $11) ({Better is} 24... Re3 $1 $17 {[%cal Re3c3]} 25. Qd2 Qe7) 25. Qd2 (25. a4 $15) 25... Qg6 (25... Qh6 $17 26. Qc3 Bg6) 26. Bh1 (26. Qc3 $15) 26... Be4 (26... Re6 $17 27. Nd3 Rfe8) 27. Qxe3 $2 (27. Rxe4 $11 {and White has nothing to worry.} Rxe4 28. Bxe4 Qxe4 29. Ng2) 27... Bxh1 $19 28. Qc3 Bd5 29. Nd3 (29. Rxd5 $142 cxd5 30. Nf3) 29... Re2 {( -> ...Rg2+)} 30. Rxd5 cxd5 {[%cal Bc6d5,Bd5d4][%mdl 32]} 31. Rf1 $2 {[#]} (31. Qf6) 31... d4 $1 32. Qc4 {White wants to play Nf4.} (32. Qxd4 Rd8) 32... Rd2 33. Rf3 Qe4 34. Qxd4 Qxd4+ 35. Bxd4 Rd8 36. Ne5 Nxe5 37. Bxe5 {[%mdl 4096] Endgame KRR-KRB} Re8 38. Rf5 h6 39. g4 Rxa2 40. Bg3 Re4 41. b5 Rxg4 42. b6 (42. c6 $142 bxc6 43. bxc6) 42... axb6 43. cxb6 Rb4 44. Bf2 Rb1+ 45. Kg2 Rxb6 46. Kg3 Rb3+ 47. Kg4 Rb4+ (47... Ra4+ $142 48. Kh5 Rh3+ 49. Kg6 Ra6+ 50. Rf6 Rxf6+ 51. Kxf6 Rf3+ 52. Ke5 Rxf2 53. Kd6 Rxh2 54. Ke5 Rf2 55. Ke4 g4 56. Kd4 g3 57. Ke3 Kg7 58. Kd4 g2 59. Kd3 g1=Q 60. Ke3 Qe1+ 61. Kd3 Rf4 62. Kc2 Rf3 63. Kb2 Qe2+ 64. Kc1 Rf1#) 48. Kh5 Rf4 {Precision: White = 21%, Black = 53%.} 0-1